[Event "1st League CS 2011"]
[Site "Kraljevo"]
[Date "2011.09.22"]
[Round "8.1"]
[White "Pantelic, Sasa"]
[Black "Raicevic, Momcilo"]
[Result "1/2-1/2"]
[WhiteElo "2334"]
[BlackElo "2379"]
[PlyCount "87"]
[EventDate "2011.09.17"]

1. d4 d5 2. c4 c6 3. cxd5 cxd5 4. Nc3 Nf6 5. Bf4 Nc6 6. e3 a6 7. Bd3 e6 8. Nf3
Bd6 9. Bg5 h6 10. Bh4 O-O 11. O-O Bd7 12. Rc1 Rc8 13. Qe2 Be7 14. Ne5 Nxe5 15.
dxe5 Ne4 16. Bxe7 Nxc3 17. Rxc3 Qxe7 18. Rfc1 b5 19. h3 g6 20. a3 Rxc3 21. Rxc3
Rc8 22. Qc2 Qd8 23. Rc5 Rxc5 24. Qxc5 Qb8 25. f4 a5 26. Qe7 Qc8 27. Kh2 h5 28.
Qf6 b4 29. axb4 axb4 30. Kg3 Qc5 31. Kf2 Qf8 32. Ke2 Qe8 33. Kd2 Bb5 34. Bc2 b3
35. Bxb3 Bf1 36. Bc2 Bxg2 37. h4 Qb8 38. Kc1 Qb6 39. Kb1 Be4 40. Bxe4 dxe4 41.
f5 gxf5 42. Qg5+ Kf8 43. Qh6+ Ke8 44. Qh8+ 1/2-1/2

[Event "1st League CS 2011"]
[Site "Kraljevo"]
[Date "2011.09.22"]
[Round "8.1"]
[White "Jovanovic, Nenad R"]
[Black "Radovanovic, Jovica"]
[Result "0-1"]
[WhiteElo "2338"]
[BlackElo "2320"]
[PlyCount "60"]
[EventDate "2011.09.17"]

1. Nf3 g6 2. d4 Bg7 3. g3 c5 4. e3 Nf6 5. b3 O-O 6. Bb2 d5 7. dxc5 Qa5+ 8. c3
Qxc5 9. Bg2 Nc6 10. O-O Rd8 11. Qe2 e5 12. h3 e4 13. Nd4 Ne5 14. Ba3 Qc7 15.
Nb5 Qb6 16. Be7 Re8 17. Bxf6 Bxf6 18. Nd2 Bd7 19. Nd4 Rac8 20. Rfc1 Nd3 21. Rc2
Rc7 22. Rd1 Rec8 23. Nb1 a5 24. Rcd2 h5 25. Qf1 a4 26. b4 Bxd4 27. exd4 Bb5 28.
Qe2 Nb2 29. Qe3 Nxd1 30. Rxd1 Qe6 0-1

[Event "1st League CS 2011"]
[Site "Kraljevo"]
[Date "2011.09.22"]
[Round "8.1"]
[White "Ivanov, Mikhail M"]
[Black "Vencl, Radivoje"]
[Result "1/2-1/2"]
[WhiteElo "2396"]
[BlackElo "2315"]
[PlyCount "33"]
[EventDate "2011.09.17"]

1. d4 d5 2. c4 e6 3. Nc3 c6 4. e4 dxe4 5. Nxe4 Nf6 6. Nxf6+ Qxf6 7. Nf3 Bb4+ 8.
Bd2 Bxd2+ 9. Qxd2 Nd7 10. Bd3 c5 11. Bc2 cxd4 12. O-O O-O 13. Nxd4 Rd8 14. Rad1
Nb8 15. f4 b6 16. Qe3 Bb7 17. f5 1/2-1/2

[Event "1st League CS 2011"]
[Site "Kraljevo"]
[Date "2011.09.22"]
[Round "8.1"]
[White "Lukic, Dragan M"]
[Black "Misojcic, Miroslav"]
[Result "1/2-1/2"]
[WhiteElo "2307"]
[BlackElo "2242"]
[PlyCount "83"]
[EventDate "2011.09.17"]

1. e4 c5 2. Nf3 Nc6 3. d4 cxd4 4. Nxd4 Nf6 5. Nc3 e6 6. Ndb5 d6 7. Bf4 e5 8.
Bg5 a6 9. Na3 b5 10. Bxf6 gxf6 11. Nd5 f5 12. c3 Bg7 13. exf5 Bxf5 14. Nc2 Be6
15. Nce3 Ne7 16. g3 Nxd5 17. Nxd5 O-O 18. Bg2 a5 19. a4 Rb8 20. b3 e4 21. O-O
f5 22. Ra2 Kh8 23. axb5 Rxb5 24. c4 Rb8 25. Rd2 Be5 26. f4 Bg7 27. Kh1 Re8 28.
Re1 Qc8 29. g4 a4 30. bxa4 Qxc4 31. gxf5 Bxd5 32. Rxd5 e3 33. f6 Bxf6 34. Re2
Qxf4 35. Rh5 Qg4 36. Rb5 Rxb5 37. axb5 Bd4 38. b6 Bxb6 39. Qxd6 Rd8 40. Qe5+
Qg7 41. Qxg7+ Kxg7 42. Bf3 1/2-1/2

[Event "1st League CS 2011"]
[Site "Kraljevo"]
[Date "2011.09.22"]
[Round "8.1"]
[White "Lazic, Zeljko"]
[Black "Nesic, Dragisa"]
[Result "1-0"]
[WhiteElo "2211"]
[BlackElo "2126"]
[PlyCount "73"]
[EventDate "2011.09.17"]

1. e4 c5 2. c3 d5 3. exd5 Qxd5 4. d4 e5 5. dxe5 Qxe5+ 6. Be2 Bg4 7. Be3 Bd7 8.
Na3 a6 9. Nc4 Qf6 10. Nf3 h6 11. a4 Bc6 12. O-O Nd7 13. Na5 Ne7 14. Nxc6 Nxc6
15. Qb3 Na5 16. Qd5 Nc6 17. Bc4 Be7 18. Rfe1 Nb6 19. Qe4 Nxc4 20. Qxc4 O-O 21.
Bxc5 Bxc5 22. Qxc5 Rfd8 23. Qb6 Rd7 24. Rad1 Rad8 25. Rxd7 Rxd7 26. Qc5 Kh7 27.
h3 Qf4 28. b4 Rd3 29. b5 axb5 30. axb5 Nd8 31. Qe7 b6 32. Nd4 Rxc3 33. Qxd8 Qd2
34. Re2 Qd1+ 35. Kh2 Rd3 36. Re4 Qa1 37. Qd7 1-0

[Event "1st League CS 2011"]
[Site "Kraljevo"]
[Date "2011.09.22"]
[Round "8.1"]
[White "Nikolajevic, Branislav"]
[Black "Misic, Dragan"]
[Result "1/2-1/2"]
[WhiteElo "2176"]
[BlackElo "2291"]
[PlyCount "69"]
[EventDate "2011.09.17"]

1. e4 c6 2. d3 d5 3. Nd2 e5 4. g3 Nf6 5. Bg2 Bg4 6. f3 Be6 7. c3 dxe4 8. dxe4
Bc5 9. Nh3 h6 10. Nb3 Qb6 11. Nxc5 Qxc5 12. Qe2 Bc4 13. Qe3 Nbd7 14. b3 Ba6 15.
Qxc5 Nxc5 16. Be3 Ne6 17. O-O-O b6 18. Nf2 Ke7 19. Rd2 Rad8 20. Rhd1 Rxd2 21.
Rxd2 Rd8 22. Rxd8 Nxd8 23. f4 Nd7 24. Kd2 f6 25. Nd3 c5 26. Ne1 Nf7 27. Bf3 Nd6
28. Bf2 Bb7 29. Ke3 f5 30. exf5 Nxf5+ 31. Ke2 Bxf3+ 32. Kxf3 exf4 33. Kxf4 Kf6
34. Nd3 g5+ 35. Kg4 1/2-1/2

[Event "1st League CS 2011"]
[Site "Kraljevo"]
[Date "2011.09.22"]
[Round "8.2"]
[White "Kojovic, Dragan"]
[Black "Djokic, Vladan"]
[Result "1-0"]
[WhiteElo "2367"]
[BlackElo "2299"]
[PlyCount "85"]
[EventDate "2011.09.17"]

1. e4 c5 2. Nf3 e6 3. d4 cxd4 4. Nxd4 a6 5. Bd3 Bc5 6. c3 Nc6 7. Nxc6 dxc6 8.
O-O e5 9. b4 Ba7 10. Na3 Ne7 11. Nc4 Ng6 12. Bc2 O-O 13. Qh5 Qe7 14. Bb3 Be6
15. Be3 Bxe3 16. Nxe3 Bxb3 17. axb3 Rad8 18. Rfd1 Rxd1+ 19. Rxd1 a5 20. Nf5 Qe6
21. c4 axb4 22. Qg4 Kh8 23. h4 Rg8 24. h5 Ne7 25. Nd6 f5 26. exf5 Qf6 27. Qg5
Rf8 28. Qxf6 gxf6 29. g4 b6 30. Ne4 h6 31. Rd7 Nc8 32. Rc7 c5 33. Kg2 b5 34.
cxb5 Nb6 35. Rxc5 Rf7 36. Rc6 Nd5 37. Rd6 Nc3 38. Rd8+ Kg7 39. Nd6 Nxb5 40.
Nxb5 Rb7 41. Nd6 Ra7 42. Rb8 Rd7 43. Rb7 1-0

[Event "1st League CS 2011"]
[Site "Kraljevo"]
[Date "2011.09.22"]
[Round "8.2"]
[White "Govedarica, Radovan"]
[Black "Stankovic, Dejan"]
[Result "1/2-1/2"]
[WhiteElo "2389"]
[BlackElo "2281"]
[PlyCount "57"]
[EventDate "2011.09.17"]

1. d4 d5 2. Nc3 Nf6 3. Bg5 Nbd7 4. Qd3 h6 5. Bxf6 Nxf6 6. e4 dxe4 7. Nxe4 Nxe4
8. Qxe4 c6 9. Nf3 Qa5+ 10. c3 Bf5 11. Qe3 e6 12. Bc4 Bd6 13. O-O O-O 14. h3 Qd8
15. Rad1 a5 16. a3 Qc7 17. Ra1 Rfd8 18. b4 b6 19. Rfe1 Ra7 20. g4 Bh7 21. Ne5
Bxe5 22. Qxe5 c5 23. bxc5 Qxc5 24. Qxc5 bxc5 25. Bb5 Bc2 26. a4 Raa8 27. Ra2
Bd1 28. Kg2 Rab8 29. Ra1 1/2-1/2

[Event "1st League CS 2011"]
[Site "Kraljevo"]
[Date "2011.09.22"]
[Round "8.3"]
[White "Bojkov, Dejan"]
[Black "Markovic, Zoran S"]
[Result "1-0"]
[WhiteElo "2541"]
[BlackElo "2364"]
[PlyCount "71"]
[EventDate "2011.09.17"]

1. e4 c5 2. c3 e5 3. Nf3 Nc6 4. Bc4 Qc7 5. O-O Be7 6. d4 cxd4 7. Bb3 Bc5 8.
cxd4 Nxd4 9. Nxd4 exd4 10. Nd2 Ne7 11. Nf3 Qb6 12. Ne5 O-O 13. Qf3 d5 14. exd5
Ng6 15. Nxg6 hxg6 16. Bf4 a5 17. Rac1 a4 18. Bc4 Bd7 19. Qg3 Rac8 20. b3 axb3
21. Bxb3 Ba3 22. Rc7 Rxc7 23. Bxc7 Qa6 24. Be5 d3 25. d6 Bf5 26. Rd1 Rd8 27.
Qg5 Re8 28. Qf4 Qb5 29. Bc3 Qc5 30. d7 Rd8 31. g4 Qxc3 32. gxf5 g5 33. Qe4 Qb4
34. Qe8+ Kh7 35. Rxd3 Qg4+ 36. Rg3 1-0

[Event "1st League CS 2011"]
[Site "Kraljevo"]
[Date "2011.09.22"]
[Round "8.3"]
[White "Todorovic, Goran N"]
[Black "Prelevic, Dusko"]
[Result "1/2-1/2"]
[WhiteElo "2396"]
[BlackElo "2311"]
[PlyCount "65"]
[EventDate "2011.09.17"]

1. d4 Nf6 2. Nf3 c5 3. d5 g6 4. Nc3 d6 5. e4 Bg7 6. Bb5+ Nbd7 7. a4 O-O 8. O-O
a6 9. Be2 Rb8 10. Re1 Ne8 11. Bf4 Nc7 12. Qd2 Re8 13. Bf1 b5 14. axb5 axb5 15.
Ra7 b4 16. Nd1 Rb7 17. Rxb7 Bxb7 18. c4 bxc3 19. bxc3 Qa8 20. c4 e5 21. Be3 Rb8
22. Nc3 Ba6 23. Ra1 Rb6 24. Nb5 Qb7 25. Nxc7 Qxc7 26. Qa5 Qb8 27. Nd2 Bf6 28.
Qa4 Bc8 29. Qa8 Qxa8 30. Rxa8 Rb8 31. Ra7 Rb7 32. Ra8 Rb8 33. Ra7 1/2-1/2

[Event "1st League CS 2011"]
[Site "Kraljevo"]
[Date "2011.09.22"]
[Round "8.3"]
[White "Dudukovic, Nikola"]
[Black "Djokic, Nenad"]
[Result "1/2-1/2"]
[WhiteElo "2252"]
[BlackElo "2362"]
[PlyCount "41"]
[EventDate "2011.09.17"]

1. d4 Nf6 2. Nf3 e6 3. g3 b6 4. Bg2 Bb7 5. O-O Be7 6. c4 O-O 7. Nc3 Ne4 8. Nxe4
Bxe4 9. b3 Bf6 10. Bb2 c5 11. e3 Nc6 12. Qe2 Bxf3 13. Qxf3 Rc8 14. Rfd1 cxd4
15. exd4 Ne7 16. Ba3 d6 17. Rac1 Nf5 18. d5 Nd4 19. Qe3 e5 20. Bb2 a5 21. a4
1/2-1/2

[Event "1st League CS 2011"]
[Site "Kraljevo"]
[Date "2011.09.22"]
[Round "8.4"]
[White "Raicevic, Ivica"]
[Black "Misailovic, Nebojsa"]
[Result "1/2-1/2"]
[WhiteElo "2282"]
[BlackElo "2301"]
[PlyCount "128"]
[EventDate "2011.09.17"]

1. c4 Nf6 2. Nc3 d5 3. cxd5 Nxd5 4. g3 g6 5. Bg2 Nb6 6. Nf3 Bg7 7. O-O O-O 8.
d3 Nc6 9. a3 h6 10. Rb1 e5 11. b4 Qe7 12. Nd2 Bg4 13. h3 Be6 14. Nde4 Nd7 15.
Nc5 Nxc5 16. bxc5 Rab8 17. Na4 Rfd8 18. Kh2 Qd7 19. Nc3 Nd4 20. Be3 b6 21. Bxd4
exd4 22. Ne4 f5 23. Nd2 bxc5 24. Qc2 Bf8 25. Nc4 Bd6 26. f4 Re8 27. e4 dxe3 28.
Nxe3 Bf8 29. Nc4 Bg7 30. Rfe1 g5 31. Ne5 Qd6 32. Nc4 Qa6 33. Re2 gxf4 34. gxf4
Bf7 35. Rbe1 Kh7 36. Rxe8 Rxe8 37. Rxe8 Bxe8 38. Bd5 Qf6 39. Qe2 Bd7 40. Bf3
Qd4 41. Kg3 Qg1+ 42. Qg2 Qxg2+ 43. Kxg2 Bd4 44. Kf1 Kg7 45. Ke2 Kf6 46. Bd5 Be8
47. Bf3 Ke6 48. Kd2 c6 49. a4 Kd7 50. Ke2 Bf7 51. h4 h5 52. Na5 Kd6 53. Nxc6
Be8 54. Nxd4 cxd4 55. a5 Kc5 56. Bb7 Bd7 57. Kd2 Kb5 58. a6 Kb6 59. Kc2 Ba4+
60. Kd2 Bd7 61. Bf3 Be8 62. Bb7 Bf7 63. Bf3 Be8 64. Bb7 Bd7 1/2-1/2

[Event "1st League CS 2011"]
[Site "Kraljevo"]
[Date "2011.09.22"]
[Round "8.4"]
[White "Pavlovic, Dejan S"]
[Black "Dmitrovic, Tomislav"]
[Result "1-0"]
[WhiteElo "2430"]
[BlackElo "2295"]
[PlyCount "63"]
[EventDate "2011.09.17"]

1. e4 e6 2. d4 d5 3. Nc3 Bb4 4. e5 b6 5. a3 Bf8 6. Bb5+ c6 7. Ba4 Ba6 8. Nf3
Qd7 9. Ne2 Bb5 10. Bb3 Bc4 11. Bxc4 dxc4 12. Nc3 Ne7 13. Qe2 b5 14. O-O Nd5 15.
Ne4 Qb7 16. Nfg5 h6 17. Qh5 Qd7 18. f4 g6 19. Qh3 Na6 20. a4 b4 21. Nd2 c3 22.
Nc4 cxb2 23. Bxb2 Nc3 24. Bxc3 bxc3 25. Rfd1 Nb4 26. Ne4 Nd5 27. Rab1 Rd8 28.
Ncd6+ Bxd6 29. Nxd6+ Kf8 30. Rb7 Nc7 31. Qxc3 Kg7 32. Qa5 1-0

[Event "1st League CS 2011"]
[Site "Kraljevo"]
[Date "2011.09.22"]
[Round "8.4"]
[White "Markovic, Marko"]
[Black "Ratkovic, Milovan"]
[Result "1/2-1/2"]
[WhiteElo "2285"]
[BlackElo "2177"]
[PlyCount "60"]
[EventDate "2011.09.17"]

1. e4 c6 2. d4 d5 3. Nc3 dxe4 4. Nxe4 Bf5 5. Ng3 Bg6 6. h4 h6 7. f4 e6 8. Nf3
Nd7 9. Bc4 Ngf6 10. Qe2 Be7 11. Be3 O-O 12. h5 Bh7 13. O-O-O b5 14. Bd3 Bxd3
15. Rxd3 Nd5 16. Kb1 c5 17. dxc5 Bxc5 18. Bc1 Nb4 19. Rb3 a5 20. a3 Nd5 21.
Rxb5 Rb8 22. Ka2 Qc7 23. Rxb8 Rxb8 24. c4 Nxf4 25. Qd2 Bd6 26. Qc2 Nc5 27. Ne4
Nfd3 28. Nxc5 Nxc5 29. g4 Qb7 30. Rf1 Ne4 1/2-1/2

[Event "1st League CS 2011"]
[Site "Kraljevo"]
[Date "2011.09.22"]
[Round "8.4"]
[White "Civric, Zdravko"]
[Black "Trifunovic, Miroljub"]
[Result "1-0"]
[WhiteElo "2203"]
[BlackElo "2305"]
[PlyCount "79"]
[EventDate "2011.09.17"]

1. e4 c5 2. Nf3 e6 3. d4 cxd4 4. Nxd4 a6 5. Be2 Qc7 6. O-O Nf6 7. Nc3 d6 8. f4
Nbd7 9. Bf3 e5 10. Nf5 b5 11. a3 Bb7 12. Kh1 h6 13. Ne3 Rc8 14. Qe1 g6 15. Bd2
Bg7 16. Rd1 O-O 17. f5 g5 18. Bc1 Rfe8 19. Rf2 Bc6 20. Rfd2 Bf8 21. h4 Qb7 22.
hxg5 Nxe4 23. Bxe4 Bxe4 24. Qh4 Bc6 25. f6 Kh7 26. Nf5 e4 27. Nxh6 Kg6 28. g4
e3+ 29. Kh2 Ne5 30. Qh5+ Kh7 31. Nxf7+ Kg8 32. g6 Nxg4+ 33. Qxg4 Bg7 34. Rxd6
Bxf6 35. Rxf6 Kg7 36. Qd4 Rh8+ 37. Nxh8 Rxh8+ 38. Kg3 Qb8+ 39. Rf4+ Kh6 40. g7
1-0

[Event "1st League CS 2011"]
[Site "Kraljevo"]
[Date "2011.09.22"]
[Round "8.5"]
[White "Milanovic, Slavisa"]
[Black "Radulski, Julian"]
[Result "1/2-1/2"]
[WhiteElo "2411"]
[BlackElo "2572"]
[PlyCount "74"]
[EventDate "2011.09.17"]

1. c4 e6 2. Nc3 d5 3. d4 Nf6 4. Nf3 Nbd7 5. cxd5 exd5 6. Bf4 c6 7. e3 Nh5 8.
Bg5 Be7 9. Bxe7 Qxe7 10. Qc2 g6 11. h3 Nb6 12. g4 Nf6 13. Bd3 Be6 14. O-O-O
O-O-O 15. Ne5 Kb8 16. f4 c5 17. f5 gxf5 18. gxf5 Bc8 19. Qh2 Ka8 20. dxc5 Nbd7
21. Nxd7 Qxe3+ 22. Kb1 Bxd7 23. Qd6 Bxf5 24. Qxf6 Bxd3+ 25. Ka1 Rhe8 26. c6 Bc4
27. cxb7+ Kxb7 28. Qxf7+ Re7 29. Qf6 d4 30. Na4 Qe5 31. Qh4 Be2 32. Rhe1 d3 33.
Nc3 Rd4 34. Qf2 Rd6 35. a3 Ka6 36. Rd2 Rf6 37. Qh4 Rf4 1/2-1/2

[Event "1st League CS 2011"]
[Site "Kraljevo"]
[Date "2011.09.22"]
[Round "8.5"]
[White "Sandic, Vladeta"]
[Black "Marinkovic, Ivan"]
[Result "1/2-1/2"]
[WhiteElo "2334"]
[BlackElo "2425"]
[PlyCount "43"]
[EventDate "2011.09.17"]

1. d4 Nf6 2. c4 c5 3. Nf3 cxd4 4. Nxd4 b6 5. Nc3 Bb7 6. f3 e6 7. e4 Nc6 8. Be3
Bc5 9. Be2 O-O 10. Qd2 d5 11. Nxc6 Bxc6 12. Bxc5 bxc5 13. cxd5 exd5 14. exd5
Nxd5 15. Nxd5 Qxd5 16. Qxd5 Bxd5 17. Kf2 Rfb8 18. b3 a5 19. Rhc1 a4 20. Rxc5
Be6 21. bxa4 Rxa4 22. Rc2 1/2-1/2

[Event "1st League CS 2011"]
[Site "Kraljevo"]
[Date "2011.09.22"]
[Round "8.5"]
[White "Martinovic, Slobodan"]
[Black "Nikolic, Dragovan"]
[Result "1/2-1/2"]
[WhiteElo "2436"]
[BlackElo "2262"]
[PlyCount "197"]
[EventDate "2011.09.17"]

1. Nf3 e6 2. d4 b6 3. c4 Bb7 4. a3 Be7 5. Nc3 Nf6 6. Qc2 d5 7. cxd5 exd5 8. Bg5
O-O 9. e3 Nbd7 10. Bd3 h6 11. Bf4 c5 12. O-O Nh5 13. Bg3 Nxg3 14. hxg3 c4 15.
Be2 Bc6 16. Rfd1 Nf6 17. Ne5 Be8 18. e4 Rc8 19. exd5 b5 20. Bf3 Qb6 21. Qf5 Rc7
22. Nc6 Bd6 23. Re1 Bd7 24. Qc2 a5 25. a4 bxa4 26. Rxa4 Bb4 27. Raa1 g6 28. Qd2
Kg7 29. Ne5 Bf5 30. g4 Bc8 31. g5 hxg5 32. Qxg5 Rh8 33. Rad1 Bd6 34. Rd2 Re7
35. Re3 Ba6 36. Qf4 Qb8 37. Rde2 Nh5 38. Qg5 Nf6 39. Nc6 Bh2+ 40. Kf1 Bf4 41.
g3 Bxg5 42. Rxe7 Qb6 43. d6 Bc8 44. Rc7 Bh3+ 45. Kg1 Nd7 46. g4 Bf4 47. Rxd7
Bh2+ 48. Kh1 Bxg4 49. Bxg4 Qxc6+ 50. d5 Qb6 51. Kg2 Bxd6 52. Be6 Rf8 53. Ne4
Bf4 54. Kf3 Bc1 55. Nd6 Qb3+ 56. Kg2 a4 57. Nxf7 c3 58. Ne5+ Kh6 59. Ng4+ Kg5
60. bxc3 Qxc3 61. Ne5 Bf4 62. Nf3+ Kf6 63. Bg4 Rf7 64. Re6+ Kg7 65. Rd8 a3 66.
Ra8 Qc5 67. Raa6 a2 68. Rxa2 Qxd5 69. Raa6 Bc1 70. Rxg6+ Kh7 71. Rae6 Rg7 72.
Rxg7+ Kxg7 73. Re1 Bf4 74. Re2 Qc6 75. Re7+ Kf6 76. Re1 Qb7 77. Re6+ Kg7 78.
Kh3 Qb2 79. Re4 Bd6 80. Nd4 Qa3+ 81. Kg2 Kf7 82. Bh5+ Kg7 83. Re6 Bf8 84. Re3
Qa8+ 85. Bf3 Qb8 86. Bd5 Bb4 87. Re4 Bc3 88. Nf5+ Kf6 89. Ne3 Qb2 90. Kf3 Qa1
91. Kg2 Qc1 92. Re6+ Kg5 93. Be4 Qa1 94. Nd5 Be5 95. f4+ Bxf4 96. Rg6+ Kh4 97.
Nxf4 Qg1+ 98. Kf3 Qf2+ 99. Kxf2 1/2-1/2

[Event "1st League CS 2011"]
[Site "Kraljevo"]
[Date "2011.09.22"]
[Round "8.5"]
[White "Sorgic, Dragan"]
[Black "Arsovic, Goran"]
[Result "1-0"]
[WhiteElo "2242"]
[BlackElo "2409"]
[PlyCount "115"]
[EventDate "2011.09.17"]

1. e4 c5 2. Nf3 d6 3. Bc4 Nf6 4. d3 Nc6 5. c3 g6 6. O-O Bg7 7. h3 O-O 8. Bb3 b6
9. Re1 Ba6 10. a4 Rc8 11. Na3 Ne5 12. Nxe5 dxe5 13. Nb5 Ra8 14. Bg5 Bb7 15. Na3
Qc7 16. Qf3 Rad8 17. Bxf6 Bxf6 18. Bc4 a6 19. Nc2 Kg7 20. Red1 e6 21. Ne3 h5
22. Qe2 Bg5 23. Nf1 Qc6 24. Nh2 b5 25. axb5 axb5 26. Bb3 Qc7 27. Nf3 Bf4 28. h4
Ra8 29. g3 Bh6 30. Ng5 Rfd8 31. Nf3 Rxa1 32. Rxa1 Kg8 33. Ng5 Ra8 34. Rxa8+
Bxa8 35. Qf3 Qe7 36. Nh3 Kg7 37. Qe2 Qa7 38. Ng5 Qa1+ 39. Qd1 Qxb2 40. Kg2 Bxg5
41. hxg5 Bc6 42. Bxe6 fxe6 43. Qf3 Be8 44. Qf6+ Kg8 45. Qxe6+ Bf7 46. Qc8+ Kh7
47. Qf8 Qa2 48. c4 Qa7 49. cxb5 Qb7 50. Qxc5 Be8 51. b6 Bc6 52. Qxe5 Qxb6 53.
Qe7+ Kg8 54. Qe6+ Kf8 55. Qf6+ Ke8 56. Qxg6+ Kd7 57. Qf7+ Kd8 58. g6 1-0

[Event "1st League CS 2011"]
[Site "Kraljevo"]
[Date "2011.09.22"]
[Round "8.6"]
[White "Simantsev, Mikhail"]
[Black "Mista, Aleksander"]
[Result "0-1"]
[WhiteElo "2549"]
[BlackElo "2561"]
[PlyCount "100"]
[EventDate "2011.09.17"]

1. d4 Nf6 2. c4 g6 3. Nc3 d5 4. Nf3 Bg7 5. Bf4 O-O 6. e3 c5 7. dxc5 Ne4 8. Rc1
Nxc3 9. bxc3 dxc4 10. Qxd8 Rxd8 11. Bxc4 Nd7 12. c6 bxc6 13. O-O Nb6 14. Bb3 c5
15. Ne5 Ba6 16. Rfd1 c4 17. Bc2 Bb7 18. e4 f5 19. exf5 Nd5 20. Bg3 Nxc3 21. Re1
Bh6 22. f4 Rd2 23. Nxc4 Rxg2+ 24. Kf1 Nxa2 25. Ne3 Nxc1 26. Nxg2 Ba6+ 27. Kg1
Ne2+ 28. Kf2 Nd4 29. Be4 Rb8 30. fxg6 hxg6 31. Bxg6 Rb2+ 32. Ke3 e5 33. Nh4 Ne6
34. Kf3 Be2+ 35. Rxe2 Nd4+ 36. Kg4 Rxe2 37. fxe5 a5 38. Nf5 Nxf5 39. Bxf5 a4
40. Bd3 Rd2 41. Bc4+ Kf8 42. Kf5 a3 43. e6 Be3 44. Be5 Bc5 45. h4 a2 46. h5 Ba3
47. h6 Bb2 48. Bxa2 Rf2+ 49. Bf4 Bc1 50. h7 Rxf4+ 0-1

[Event "1st League CS 2011"]
[Site "Kraljevo"]
[Date "2011.09.22"]
[Round "8.6"]
[White "Nestorovic, Nikola"]
[Black "Milenkovic, Mladen"]
[Result "1/2-1/2"]
[WhiteElo "2464"]
[BlackElo "2396"]
[PlyCount "54"]
[EventDate "2011.09.17"]

1. e4 c6 2. d4 d5 3. e5 Bf5 4. h4 h6 5. c4 e6 6. Nc3 Bb4 7. Qb3 Qb6 8. c5 Qa5
9. Bd2 Nd7 10. Nge2 b6 11. cxb6 axb6 12. Rc1 Ne7 13. a3 Bxc3 14. Nxc3 Qa7 15.
Be2 O-O 16. g4 Bg6 17. h5 Bh7 18. f4 Rac8 19. Qd1 b5 20. Be3 Nb6 21. Rg1 Kh8
22. Qd2 Nc4 23. Bxc4 bxc4 24. f5 exf5 25. g5 hxg5 26. Bxg5 f6 27. Bf4 g5
1/2-1/2

[Event "1st League CS 2011"]
[Site "Kraljevo"]
[Date "2011.09.22"]
[Round "8.6"]
[White "Milosevic, Aleksandar"]
[Black "Todorovic, Jovan"]
[Result "1/2-1/2"]
[WhiteElo "2275"]
[BlackElo "2420"]
[PlyCount "58"]
[EventDate "2011.09.17"]

1. Nf3 Nf6 2. c4 g6 3. Nc3 Bg7 4. e4 d6 5. d4 O-O 6. Be3 e5 7. dxe5 dxe5 8.
Qxd8 Rxd8 9. Nd5 Rd7 10. Nxf6+ Bxf6 11. c5 Nc6 12. Bb5 Rd8 13. Rd1 Nd4 14. Bxd4
exd4 15. Ke2 Be6 16. Kd3 Bxa2 17. Bc4 Bxc4+ 18. Kxc4 b5+ 19. Kxb5 Rab8+ 20. Kc6
Rxb2 21. Rd2 Rb4 22. Ra1 d3 23. e5 Be7 24. Rxa7 Rc4 25. Rxc7 Rxc5+ 26. Kb7 Rb5+
27. Kc6 Rc5+ 28. Kb7 Rb5+ 29. Kc6 Rc5+ 1/2-1/2

[Event "1st League CS 2011"]
[Site "Kraljevo"]
[Date "2011.09.22"]
[Round "8.6"]
[White "Mijailovic, Zoran"]
[Black "Dezelin, Milan"]
[Result "1-0"]
[WhiteElo "2414"]
[BlackElo "2287"]
[PlyCount "69"]
[EventDate "2011.09.17"]

1. d4 Nf6 2. c4 e6 3. Nf3 Bb4+ 4. Nbd2 b6 5. a3 Bxd2+ 6. Bxd2 Bb7 7. g3 O-O 8.
Bg2 d6 9. O-O Nbd7 10. b4 Be4 11. Qb3 Qc8 12. Bh3 Re8 13. Rfd1 h6 14. Bc3 Qb7
15. Nd2 Bg6 16. Bg2 d5 17. b5 a5 18. Rac1 Rad8 19. Bb2 Ne4 20. Nxe4 dxe4 21.
Qe3 Nf6 22. f3 Re7 23. g4 Red7 24. Rf1 c5 25. dxc5 bxc5 26. Qxc5 Rd2 27. Bxf6
gxf6 28. Qe3 Kg7 29. fxe4 e5 30. Qf2 Bxe4 31. Qxf6+ Kg8 32. Bxe4 Qxe4 33. Qxf7+
Kh8 34. Qf6+ Kg8 35. Qe6+ 1-0

[Event "1st League CS 2011"]
[Site "Kraljevo"]
[Date "2011.09.22"]
[Round "8.6"]
[White "Brankovic, Dejan"]
[Black "Lapcevic, Milos"]
[Result "1-0"]
[WhiteElo "2341"]
[BlackElo "2420"]
[PlyCount "57"]
[EventDate "2011.09.17"]

1. e4 c5 2. Nf3 d6 3. c3 Nf6 4. h3 a6 5. Bd3 b5 6. O-O Bb7 7. Re1 Nbd7 8. Bc2
e5 9. d4 Be7 10. Nbd2 O-O 11. Nf1 Re8 12. Ng3 Bf8 13. d5 g6 14. b3 c4 15. b4 a5
16. a3 axb4 17. cxb4 Qc7 18. Nd2 Nb6 19. Nb1 c3 20. Bb3 Na4 21. Ra2 Nb2 22. Qc2
Rec8 23. Re3 Nc4 24. Rxc3 Nd7 25. a4 Ndb6 26. axb5 f5 27. Rxa8 Bxa8 28. Bxc4
Nxc4 29. Nd2 1-0